000 00893nam a2200265 i 4500
003 DO-SdBNP
005 20240618111756.0
007 ta
008 240618s2024 dr ac 000 j spa d
020 _a9789945645416
040 _aDO-SdBNP
_bspa
_cBNPHU
_erda
082 _bN964
_222
100 _aNúñez, Grace
_973326
_d1947-
_eautora
245 1 0 _aCuentos y poesías /
_cGrace Núñez ; prólogo Emenegilda Encarnación Mora
264 1 _aSanto Domingo :
_bSantuario,
_c2024.
300 _a42 páginas,
_bilustraciones, retratos
_c23 cm.
336 _2rdacontent
_atexto
_btxt
337 _2rdamedia
_asin mediación
_bn
338 _2rdacarrier
_avolumen
_bnc
500 _aIncluye datos biografícos de la autora en la solapa de la portada.
590 _aInventariado, 2024/ YL
700 1 _aEncarnación Mora, Emenegilda
_eprólogo
_985685
910 _aYLockward
942 _2ddc
_cLF2
999 _c56877
_d56877